Loading...
| Fine Arts - Classical Music | 2 | 5 | 1 | 1 | 75 | 44 | 92.00 | 1 | 4 | 0.00 | 0.00 |
| Fine Arts - Painting and Sculpture | 2 | 4 | 1 | 1 | 65 | 20 | 77.33 | 2 | 4 | 0.00 | 0.00 |
| Literature - Long Fiction | 2 | 1 | 0 | 0 | 40 | 52 | 72.33 | 1 | 3 | 0.00 | 0.00 |
| Fine Arts - Other | 0 | 3 | 1 | 1 | 25 | 116 | 127.00 | 0 | 2 | 0.00 | 0.00 |
| Other Academic | 0 | 2 | 0 | 0 | 20 | 91 | 106.50 | 0 | 0 | 0.00 | 0.00 |
| Religion | 0 | 2 | 0 | 1 | 20 | 132 | 132.00 | 0 | 1 | 0.00 | 0.00 |
| Mythology | 0 | 2 | 1 | 2 | 15 | 133 | 140.00 | 0 | 0 | 0.00 | 0.00 |
| Literature - Short Fiction | 1 | 0 | 0 | 0 | 15 | 74 | 74.00 | 0 | 0 | 0.00 | 0.00 |
| Short Fiction and Other | 1 | 0 | 0 | 0 | 15 | 81 | 81.00 | 1 | 1 | 0.00 | 0.00 |
| History - World | 1 | 1 | 2 | 0 | 15 | 52 | 64.00 | 0 | 1 | 0.00 | 0.00 |
| Literature - Misc | 0 | 1 | 0 | 0 | 10 | 110 | 110.00 | 0 | 1 | 0.00 | 0.00 |
| History - American | 0 | 1 | 0 | 0 | 10 | 94 | 94.00 | 0 | 1 | 0.00 | 0.00 |
| Geography | 0 | 1 | 0 | 1 | 10 | 127 | 127.00 | 0 | 1 | 0.00 | 0.00 |
| Literature - Poetry | 0 | 1 | 2 | 0 | 0 | 93 | 93.00 | 0 | 1 | 0.00 | 0.00 |
| History - Other | 0 | 0 | 1 | 0 | -5 | 0.00 | 0 | 0 | 0.00 | 0.00 | |
| Literature - Drama | 0 | 0 | 2 | 0 | -10 | 0.00 | 0 | 0 | 0.00 | 0.00 | |
| Social Science | 0 | 0 | 2 | 0 | -10 | 0.00 | 0 | 0 | 0.00 | 0.00 |